| 000 | 00746nac a22002051u 4500 | ||
|---|---|---|---|
| 020 | _a9781859649237 | ||
| 082 |
_a371.30281 _bG8551 |
||
| 090 |
_c4827 _d4827 |
||
| 100 | _aGriffiths, Prue | ||
| 245 |
_aScientific writing/ _nModule 9 _pcourse book _cPrue Griffiths with Jane Brooks & Ray de Witt |
||
| 260 |
_aLondon: _bGarnet pub.,2007 _c2007 |
||
| 300 |
_a38p.: _bill.; _c25 cm. |
||
| 440 | _aUniversity foundation study | ||
| 650 | _aTechnical writing | ||
| 650 |
_aEnglish languages _xTechnical writing |
||
| 700 | _aBrooks, Jane | ||
| 700 | _aDe Witt, Ray | ||
| 942 |
_cNB _k371.30281G8551 |
||
| 999 |
_c4827 _d4827 |
||